000 00525nam a2200133 4500
999 _c9075
_d9075
008 180410b ||||| |||| 00| 0 eng d
082 _aDPer 050 Dec 2015-Mar 2016 T48 v186-187
100 _927221
_aCarstensen, Laura L.
245 _aThe new age of aging:
_bwe need to start thinking further into our own future. much further/
_cLaura L. Carstensen.
260 _aNew York:
_bTime Inc.,
_c©Dec 2015-Mar 2016.
300 _av187 n6-7, pages 46-48:
_billustration;
_c27 cm.
650 0 _927222
_aLongevity.
942 _2ddc
_cPER